000 00362nam a2200157Ia 4500
003 Ost
005 20260225132554.0
008 260225s9999||||xx |||||||||||||| ||und||
040 _cfsic
041 _afre
082 _a440
100 _aphillippe breton
_eAuteur
245 0 _al'exposion de la communication /
245 0 _cphillippe breton
942 _cكتاب
999 _c34309
_d34309